Moderne Länder des Japanischen Kaiserreichs auf einer Karte - Statistiken

Allgemein
  • Dieses Quiz wurde 2.431 mal gespielt
  • Das Durchschnittsergebnis liegt bei 20 aus 23
Antworten auf der Karte
Die Antworten werden auf der Karte rot bzw. grün angezeigt, abhängig davon wie oft sie richtig erraten wurden.
 
Antwortstatistiken
Antwort % Korrekt
China
99%
Japan
99%
Süd Korea
99%
Indonesien
98%
Nord Korea
98%
Vietnam
98%
Philippinen
95%
Laos
94%
Taiwan
94%
Malaysia
93%
Papua-Neuguinea
93%
Kambodscha
92%
Myanmar
92%
Singapur
90%
Russland (Sakhalin Inseln)
88%
Ost Timor
81%
F.S. Mikronesien
78%
Palau
72%
Marshallinseln
71%
Kiribati
69%
Brunei
68%
Salomonen
68%
Nauru
67%
Keine übereinstimmenden Quizze gefunden
Verteilung der Resultate
Anzahl Personen mit jedem Resultat
Perzentil nach korrekt beantworteten Fragen
Ihre Resultats-Entwicklung
Sie haben dieses Quiz noch nicht gespielt